000
00306nam a22001337a 4500
008
171020b xxu||||| |||| 00| 0 eng d
020
_a
0314632859
041
_a
eng
080
_2
2ND
_a
338
100
_a
54
101
_a
MEN
245
_a
MANAGING THE DATA RESOURCE FUNCTION
_c
NOLAN,R.L
942
_2
udc
_c
BK
999
_c
35186
_d
35186